000 00849nam a2200325 a 4500
003 AR-BaBNM
005 20251128205945.0
008 082120s2002 ||||||||||||||000 | spa||
020 _a84-85501-75-6
040 _cAR-BaBNM
100 1 _aPoliakov, León
245 0 0 _aHistoria del antisemitismo
_bla emancipación y la reacción racista
260 _aBarcelona
_bMuchnik Editores
_c1985
300 _a312 p.
504 _aBibliografía para consultar p. 246-253
650 4 _aSOCIOLOGIA
650 4 _aANTISEMITISMO
650 4 _aDISCRIMINACION RACIAL
650 4 _aJUDIOS
650 4 _aRACISMO
650 4 _aIDEOLOGIAS
650 4 _aPROBLEMAS SOCIALES
650 4 _aJUDIOS
650 4 _aPREJUICIO
650 4 _aINTOLERANCIA
651 4 _aAlemania
700 1 _aRotés, Elena
_etraductor
942 _cBK
998 _cMariana
999 _c13474
_d13474